[Event "Catalao op 1st"]
[Site "Catalao"]
[Date "2019.03.10"]
[Round "4"]
[White "Franca, Jairo"]
[Black "Castellar, Juarez Iorio"]
[Result "0-1"]
[WhiteElo "1488"]
[BlackElo "1324"]
[PlyCount "42"]
[EventDate "2019.02.09"]
[EventType "swiss"]
[EventRounds "5"]
[EventCountry "BRA"]
[SourceTitle "CBM 189 Extra"]
[Source "ChessBase"]
[SourceDate "2019.06.03"]
[SourceVersion "1"]
[SourceVersionDate "2019.06.03"]
[SourceQuality "1"]

1. e4 c5 2. Nf3 d6 3. d4 cxd4 4. Nxd4 a6 5. a4 g6 6. Bd3 Bg7 7. c3 e5 8. Nc2 Nf6 9. Bg5 Nbd7 10. 0-0 0-0 11. Nd2 Re8 12. b4 Qc7 13. a5 b6 14. axb6 Nxb6 15. Na3 Bb7 16. h3 Nxe4 17. Bxe4 Bxe4 18. f3 h6 19. Bh4 Bb7 20. Rc1 Rec8 21. c4 Qd7 0-1

[Event "Brasilia Centro Oeste-ch"]
[Site "Brasilia"]
[Date "2017.09.22"]
[Round "2"]
[White "Castellar, Juarez Iorio"]
[Black "Da Silva, Renato Claudio Melo"]
[Result "0-1"]
[WhiteElo "1336"]
[BlackElo "1678"]
[PlyCount "74"]
[EventDate "2017.09.22"]
[EventType "swiss"]
[EventRounds "6"]
[EventCountry "BRA"]
[SourceTitle "CBM 180 Extra"]
[Source "ChessBase"]
[SourceDate "2017.10.06"]
[SourceVersion "1"]
[SourceVersionDate "2017.10.06"]
[SourceQuality "1"]

1. d4 d5 2. Bf4 Nf6 3. Nf3 e6 4. e3 Bd6 5. Ne5 0-0 6. Be2 c5 7. c3 Nc6 8. Nd2 Qc7 9. a3 Nxe5 10. dxe5 Bxe5 11. Bg3 Bxg3 12. hxg3 e5 13. Rc1 Bf5 14. g4 Bg6 15. f3 Rfd8 16. Nf1 a6 17. Kf2 Qb6 18. Qd2 d4 19. cxd4 cxd4 20. Bd3 dxe3+ 21. Qxe3 Qxe3+ 22. Nxe3 Rxd3 23. Rhd1 Rxd1 24. Rxd1 h6 25. Rc1 Rd8 26. b4 Kh7 27. Kg3 Rd3 28. Nc4 e4 29. a4 exf3 30. Ne5 Rd4 31. Rc4 fxg2 32. Kxg2 Rxc4 33. Nxc4 Nxg4 34. Kg3 Nf6 35. b5 axb5 36. axb5 Bd3 37. Nd6 Ne4+ 0-1

[Event "Brasilia Centro Oeste-ch"]
[Site "Brasilia"]
[Date "2017.09.22"]
[Round "1"]
[White "Robinson, Malcolm"]
[Black "Castellar, Juarez Iorio"]
[Result "1-0"]
[WhiteElo "1893"]
[BlackElo "1336"]
[PlyCount "65"]
[EventDate "2017.09.22"]
[EventType "swiss"]
[EventRounds "6"]
[EventCountry "BRA"]
[SourceTitle "CBM 180 Extra"]
[Source "ChessBase"]
[SourceDate "2017.10.06"]
[SourceVersion "1"]
[SourceVersionDate "2017.10.06"]
[SourceQuality "1"]

1. e4 d6 2. d4 g6 3. c4 Bg7 4. Nc3 Nf6 5. f3 0-0 6. Be3 c6 7. Qd2 e5 8. Nge2 a5 9. h4 h5 10. Bg5 Qe8 11. 0-0-0 Nh7 12. Bh6 Be6 13. d5 Bd7 14. Bxg7 Kxg7 15. g4 hxg4 16. h5 g5 17. Ng3 gxf3 18. Bh3 g4 19. Rhg1 Rg8 20. Nf5+ Bxf5 21. exf5 Kh8 22. Bxg4 Ng5 23. f6 e4 24. Rde1 Nd7 25. Bxf3 Qe5 26. Nxe4 Nh7 27. dxc6 bxc6 28. Qxd6 Qf5 29. Rgf1 Ndxf6 30. Bd1 Nxe4 31. Qd4+ Qf6 32. Rxf6 Nhxf6 33. Rxe4 1-0

[Event "Brasilia Terraviva op"]
[Site "Brasilia"]
[Date "2017.01.08"]
[Round "6"]
[White "Terra, Arthur Schneider"]
[Black "Castellar, Juarez Iorio"]
[Result "1-0"]
[WhiteElo "1429"]
[BlackElo "1352"]
[PlyCount "123"]
[EventDate "2017.01.06"]
[EventType "swiss"]
[EventRounds "6"]
[EventCountry "BRA"]
[SourceTitle "CBM 176 Extra"]
[Source "ChessBase"]
[SourceDate "2017.03.02"]
[SourceVersion "1"]
[SourceVersionDate "2017.03.02"]
[SourceQuality "1"]

1. d4 Nf6 2. c4 g6 3. Nc3 Bg7 4. e4 d6 5. f4 0-0 6. Nf3 a5 7. Bd3 c5 8. d5 Bd7 9. 0-0 Na6 10. a3 Nc7 11. h3 e6 12. Be3 exd5 13. cxd5 Qe8 14. Nd2 Nb5 15. Nxb5 Bxb5 16. Qb3 Bxd3 17. Qxd3 Nd7 18. Rab1 b6 19. Nc4 Qb8 20. b3 Qc7 21. f5 Ne5 22. Nxe5 Bxe5 23. Bh6 Bg7 24. Bxg7 Kxg7 25. f6+ Kh8 26. Qd2 Rg8 27. Qh6 Qd8 28. Rf4 Qf8 29. Qxf8 Rgxf8 30. a4 h5 31. g4 g5 32. Rf5 Rg8 33. Kg2 h4 34. Re1 Rae8 35. e5 dxe5 36. Rexe5 Rxe5 37. Rxe5 Kh7 38. Re7 Kg6 39. Rb7 Re8 40. Rxb6 Rd8 41. d6 Kxf6 42. Rc6 Kg7 43. Rxc5 Kg6 44. Rxa5 Rxd6 45. Rf5 Rd2+ 46. Rf2 Rd3 47. Rb2 Rd1 48. b4 Ra1 49. a5 Ra4 50. Rb3 Ra2+ 51. Kf3 Rh2 52. Ke4 Kf6 53. Kd5 Ke7 54. Re3+ Kd7 55. Kc5 Ra2 56. Kb6 Rc2 57. b5 Rc8 58. a6 Rb8+ 59. Ka5 Ra8 60. b6 Rc8 61. a7 Rc5+ 62. Ka6 1-0

[Event "Brasilia Terraviva op"]
[Site "Brasilia"]
[Date "2017.01.07"]
[Round "4"]
[White "Castellar, Juarez Iorio"]
[Black "Nishizawa, Claudio"]
[Result "0-1"]
[WhiteElo "1352"]
[BlackElo "1555"]
[PlyCount "130"]
[EventDate "2017.01.06"]
[EventType "swiss"]
[EventRounds "6"]
[EventCountry "BRA"]
[SourceTitle "CBM 176 Extra"]
[Source "ChessBase"]
[SourceDate "2017.03.02"]
[SourceVersion "1"]
[SourceVersionDate "2017.03.02"]
[SourceQuality "1"]

1. e4 c5 2. Nc3 d6 3. Bb5+ Bd7 4. Bc4 Nf6 5. d3 Nc6 6. a3 Nd4 7. Nge2 e5 8. h3 Be7 9. 0-0 0-0 10. Ba2 h6 11. Nd5 Nh7 12. c3 Ne6 13. Nxe7+ Qxe7 14. Ng3 Nf4 15. Nh5 Qg5 16. Nxf4 exf4 17. Kh2 Qf6 18. Qf3 g5 19. g3 fxg3+ 20. fxg3 Qxf3 21. Rxf3 Kg7 22. Bd2 g4 23. hxg4 Bxg4 24. Rf4 h5 25. Raf1 f6 26. c4 Rab8 27. Bb3 b5 28. Bd1 Bxd1 29. Rxd1 bxc4 30. Bc3 cxd3 31. Rxd3 Rbd8 32. Rd5 Kg6 33. Kh3 Ng5+ 34. Kh4 Ne6 35. Rf2 Nc7 36. Rdf5 Ne8 37. g4 hxg4 38. Kxg4 Kf7 39. Bxf6 Nxf6+ 40. Rxf6+ Ke7 41. Rxf8 Rxf8 42. Rxf8 Kxf8 43. Kg5 Kf7 44. Kf5 a5 45. e5 d5 46. e6+ Ke7 47. Ke5 d4 48. Ke4 Kxe6 49. Kd3 Kd5 50. b3 Kc6 51. Kc4 Kd6 52. a4 Kc6 53. Kd3 Kd5 54. Kd2 Ke4 55. Ke2 d3+ 56. Kd2 Kd4 57. Kc1 Kc3 58. Kd1 Kxb3 59. Kd2 c4 60. Kc1 c3 61. Kd1 Kxa4 62. Kc1 Kb3 63. Kb1 a4 64. Kc1 a3 65. Kb1 d2 0-1

[Event "BRA-ch Seniors 65+"]
[Site "Curitiba"]
[Date "2016.12.11"]
[Round "7"]
[White "Castellar, Juarez Iorio"]
[Black "Moraes, Maurino Anastacio"]
[Result "0-1"]
[WhiteElo "1337"]
[BlackElo "1551"]
[PlyCount "76"]
[EventDate "2016.12.08"]
[EventType "swiss"]
[EventRounds "7"]
[EventCountry "BRA"]
[SourceTitle "EXT 2018"]
[Source "ChessBase"]
[SourceDate "2017.10.13"]
[SourceVersion "1"]
[SourceVersionDate "2017.10.13"]
[SourceQuality "1"]

1. e4 c6 2. d4 d6 3. Nf3 Bg4 4. Nbd2 g6 5. h3 Bxf3 6. Nxf3 Bg7 7. c3 Nd7 8. Bc4 Rc8 9. Qb3 d5 10. exd5 Nb6 11. Bd3 Qxd5 12. Qc2 Nf6 13. 0-0 0-0 14. Re1 e6 15. Bf4 Rfd8 16. Bg5 c5 17. Re5 Qd6 18. Rc1 cxd4 19. Rd1 Nfd7 20. Ree1 f6 21. Bh4 e5 22. Qb1 dxc3 23. Bb5 Qc5 24. Bxd7 c2 25. Qc1 cxd1Q 26. Be6+ Kf8 27. Qe3 Qxe3 28. fxe3 Qc2 29. Bxc8 Rxc8 30. Bf2 Nd5 31. e4 Nf4 32. Rf1 Qxb2 33. Ne1 Kf7 34. h4 Bf8 35. g3 Nh3+ 36. Kg2 Nxf2 37. Rxf2 Qd4 38. Nf3 Qxe4 0-1

[Event "Brasilia Marista U2200"]
[Site "Brasilia"]
[Date "2016.08.28"]
[Round "5.8"]
[White "Branquinho, Everson Silva"]
[Black "Castellar, Juarez Iorio"]
[Result "1/2-1/2"]
[WhiteElo "1535"]
[BlackElo "1357"]
[PlyCount "69"]
[EventDate "2016.08.27"]
[EventType "swiss"]
[EventRounds "5"]
[EventCountry "BRA"]
[SourceTitle "EXT 2022"]
[Source "ChessBase"]
[SourceDate "2021.10.06"]
[SourceVersion "1"]
[SourceVersionDate "2021.10.06"]
[SourceQuality "1"]

1. Nf3 Nf6 2. g3 g6 3. Bg2 Bg7 4. 0-0 0-0 5. d3 d6 6. e4 e5 7. Nbd2 a5 8. c3 Nbd7 9. Re1 Nc5 10. Qc2 a4 11. b4 axb3 12. Nxb3 Nxb3 13. Qxb3 b6 14. Be3 Be6 15. c4 Nd7 16. Ng5 Nc5 17. Qc2 Bd7 18. Nf3 Ba4 19. Qc3 f5 20. Ng5 Bd7 21. Bxc5 Qxg5 22. Be3 f4 23. Bd2 Qe7 24. Qb2 Rab8 25. Bc3 b5 26. Qc2 b4 27. Bd2 c5 28. Qb3 fxg3 29. fxg3 Bg4 30. Rf1 Qe6 31. Rxf8+ Rxf8 32. Rf1 Bh3 33. Rxf8+ Bxf8 34. a4 bxa3 35. Qxa3 1/2-1/2

[Event "Brasilia Marista U2200"]
[Site "Brasilia"]
[Date "2016.08.27"]
[Round "1.2"]
[White "Castellar, Juarez Iorio"]
[Black "Noguerol, Alvaro Vinueza"]
[Result "0-1"]
[WhiteElo "1357"]
[BlackElo "1817"]
[PlyCount "68"]
[EventDate "2016.08.27"]
[EventType "swiss"]
[EventRounds "5"]
[EventCountry "BRA"]
[SourceTitle "EXT 2022"]
[Source "ChessBase"]
[SourceDate "2021.10.06"]
[SourceVersion "1"]
[SourceVersionDate "2021.10.06"]
[SourceQuality "1"]

1. d4 Nf6 2. Bf4 c5 3. dxc5 Nc6 4. e3 e5 5. Bg5 Bxc5 6. Bb5 0-0 7. Bxc6 bxc6 8. Ne2 d5 9. 0-0 Bg4 10. h3 Bh5 11. Qd2 Qb6 12. b3 Ne4 13. Qe1 Nxg5 14. Ng3 Bg6 15. c3 Bd3 16. Ne2 Qa6 17. c4 d4 18. Qd2 Bxe2 19. Qxe2 Rad8 20. Nd2 dxe3 21. fxe3 Ne6 22. Ne4 Be7 23. Rad1 Nc5 24. Nc3 Qc8 25. Rxd8 Rxd8 26. Qf2 f6 27. Qc2 a5 28. a4 Nd3 29. Qe2 Nb4 30. Ne4 Rd3 31. Nd2 Bc5 32. Rf3 f5 33. Kh2 e4 34. Rg3 Bd6 0-1

[Event "BRA-ch Regional Centro Oeste"]
[Site "Brasilia"]
[Date "2016.08.12"]
[Round "1.14"]
[White "Castellar, Juarez Iorio"]
[Black "Taira, Erick Hideki"]
[Result "0-1"]
[WhiteElo "1357"]
[BlackElo "1706"]
[PlyCount "65"]
[EventDate "2016.08.12"]
[EventType "swiss"]
[EventRounds "6"]
[EventCountry "BRA"]
[SourceTitle "EXT 2022"]
[Source "ChessBase"]
[SourceDate "2021.10.06"]
[SourceVersion "1"]
[SourceVersionDate "2021.10.06"]
[SourceQuality "1"]

1. d4 d5 2. Bf4 Nf6 3. e3 c5 4. dxc5 Qa5+ 5. c3 Qxc5 6. Nd2 Bf5 7. Nb3 Qc8 8. Bd3 Bg6 9. h3 e6 10. Bg5 Be7 11. Bb5+ Nc6 12. Bxc6+ bxc6 13. Nf3 Qa6 14. Ne5 c5 15. Nxg6 hxg6 16. Bxf6 gxf6 17. Nd2 e5 18. Qe2 Qxe2+ 19. Kxe2 0-0-0 20. Rhd1 Rhe8 21. Kf1 Bf8 22. Nb3 Re6 23. Rd2 c4 24. Nc1 Bh6 25. Rc2 f5 26. b3 Rc6 27. bxc4 Rxc4 28. Ne2 d4 29. exd4 exd4 30. Rb2 d3 31. Nd4 Rxc3 32. Nb5 Rc1+ 33. Rxc1+ 0-1

[Event "BRA-ch Amateur"]
[Site "Brasilia"]
[Date "2016.06.18"]
[Round "3"]
[White "Castellar, Juarez Iorio"]
[Black "Maciel, Diogo Alves"]
[Result "0-1"]
[WhiteElo "1364"]
[BlackElo "1868"]
[PlyCount "42"]
[EventDate "2016.06.17"]
[EventType "swiss"]
[EventRounds "6"]
[EventCountry "BRA"]
[SourceTitle "CBM 173 Extra"]
[Source "ChessBase"]
[SourceDate "2016.08.29"]
[SourceVersion "1"]
[SourceVersionDate "2016.08.29"]
[SourceQuality "1"]

1. Nf3 d5 2. d4 c5 3. e3 e6 4. Be2 Nf6 5. c3 Nbd7 6. Ne5 Nxe5 7. dxe5 Nd7 8. f4 h6 9. Nd2 b6 10. Nf3 Bb7 11. Bd2 Be7 12. Qc2 g6 13. Bd3 Rg8 14. 0-0-0 c4 15. Be2 Nc5 16. Nd4 a6 17. Bf3 Nd3+ 18. Kb1 Nf2 19. Rdf1 Nxh1 20. Rxh1 Bc5 21. Ne2 Qd7 0-1

[Event "Brasilia Terraviva op"]
[Site "Brasilia"]
[Date "2016.04.23"]
[Round "4"]
[White "Castellar, Juarez Iorio"]
[Black "Dos Santos Junior, Joao Batista"]
[Result "1/2-1/2"]
[WhiteElo "1366"]
[BlackElo "1741"]
[PlyCount "72"]
[EventDate "2016.04.21"]
[EventType "swiss"]
[EventRounds "7"]
[EventCountry "BRA"]
[SourceTitle "CBM 172 Extra"]
[Source "ChessBase"]
[SourceDate "2016.06.21"]
[SourceVersion "1"]
[SourceVersionDate "2016.06.21"]
[SourceQuality "1"]

1. d4 Nf6 2. Nf3 g6 3. Bf4 Bg7 4. e3 0-0 5. Be2 b6 6. Nbd2 Bb7 7. 0-0 d6 8. c3 Nh5 9. Bg3 Nxg3 10. hxg3 Nd7 11. Nh2 e5 12. dxe5 Nxe5 13. Bf3 Nxf3+ 14. Nhxf3 Qe7 15. Re1 Rfe8 16. e4 Rad8 17. Qc2 Qd7 18. Nh2 d5 19. f3 Qd6 20. Nhf1 Qc5+ 21. Ne3 dxe4 22. Nxe4 Bxe4 23. fxe4 Bh6 24. Qf2 Rxe4 25. Nf1 Qxf2+ 26. Kxf2 Rde8 27. Rxe4 Rxe4 28. Re1 Rxe1 29. Kxe1 f5 30. Nh2 Kf7 31. Ke2 a5 32. b3 Ke6 33. Nf3 c5 34. c4 Kd6 35. Kd3 Bg7 36. Ke3 h6 1/2-1/2

[Event "Brasilia Terraviva op"]
[Site "Brasilia"]
[Date "2016.04.23"]
[Round "5"]
[White "Moraes Silva, Carlos Alessandro"]
[Black "Castellar, Juarez Iorio"]
[Result "1-0"]
[WhiteElo "1758"]
[BlackElo "1366"]
[PlyCount "53"]
[EventDate "2016.04.21"]
[EventType "swiss"]
[EventRounds "7"]
[EventCountry "BRA"]
[SourceTitle "CBM 172 Extra"]
[Source "ChessBase"]
[SourceDate "2016.06.21"]
[SourceVersion "1"]
[SourceVersionDate "2016.06.21"]
[SourceQuality "1"]

1. e4 d6 2. d4 Nf6 3. Nc3 g6 4. Bc4 Bg7 5. f3 Nbd7 6. Be3 c6 7. a4 a6 8. Nge2 Qc7 9. Qd2 e5 10. h4 exd4 11. Nxd4 Ne5 12. Be2 c5 13. Nb3 Be6 14. Nd5 Nxd5 15. exd5 Bc8 16. h5 Nd7 17. hxg6 fxg6 18. 0-0-0 b6 19. Bg5 Bf6 20. Qe3+ Kd8 21. Bd3 Re8 22. Qf4 Bxg5 23. Qxg5+ Re7 24. Rxh7 Nf8 25. Rh8 Qd7 26. Re1 Ke8 27. Bxg6+ 1-0

[Event "Brasilia-ch op"]
[Site "Brasilia"]
[Date "2015.10.31"]
[Round "3"]
[White "Castellar, Juarez Iorio"]
[Black "Felix, Luiza de Oliveira"]
[Result "1/2-1/2"]
[WhiteElo "1384"]
[BlackElo "1552"]
[PlyCount "80"]
[EventDate "2015.10.30"]
[EventType "swiss"]
[EventRounds "7"]
[EventCountry "BRA"]
[SourceTitle "CBM 169 Extra"]
[Source "ChessBase"]
[SourceDate "2015.12.18"]
[SourceVersion "1"]
[SourceVersionDate "2015.12.18"]
[SourceQuality "1"]

1. Nf3 Nf6 2. g3 g6 3. Bg2 Bg7 4. d3 c5 5. Nc3 Nc6 6. a3 0-0 7. 0-0 b6 8. Rb1 Bb7 9. e4 Nh5 10. Ne2 Qc7 11. Bf4 Nxf4 12. Nxf4 e6 13. Re1 Rac8 14. c3 Ne7 15. Nd2 d5 16. exd5 Nxd5 17. Bxd5 exd5 18. Qc2 Qc6 19. f3 Qf6 20. Re2 Bh6 21. Nh3 Bxd2 22. Qxd2 Qxf3 23. Rf1 Qg4 24. Nf2 Qd7 25. Rfe1 Rce8 26. Re3 d4 27. cxd4 cxd4 28. Re5 Qc6 29. R5e4 Qd7 30. Re5 Rxe5 31. Rxe5 Re8 32. Rxe8+ Qxe8 33. Kf1 Qd7 34. Ne4 Bxe4 35. dxe4 d3 36. Kf2 Qd4+ 37. Kf3 f5 38. exf5 gxf5 39. Qg5+ Kh8 40. Qd2 Qe4+ 1/2-1/2

[Event "Brasilia-ch op"]
[Site "Brasilia"]
[Date "2015.10.31"]
[Round "2"]
[White "De Paula, Leonardo Morais"]
[Black "Castellar, Juarez Iorio"]
[Result "1-0"]
[WhiteElo "1704"]
[BlackElo "1384"]
[PlyCount "65"]
[EventDate "2015.10.30"]
[EventType "swiss"]
[EventRounds "7"]
[EventCountry "BRA"]
[SourceTitle "CBM 169 Extra"]
[Source "ChessBase"]
[SourceDate "2015.12.18"]
[SourceVersion "1"]
[SourceVersionDate "2015.12.18"]
[SourceQuality "1"]

1. d4 Nf6 2. c4 d6 3. Nc3 g6 4. e4 Bg7 5. f3 c6 6. Be3 Nbd7 7. Qd2 Qb6 8. e5 Nh5 9. g4 Nhf6 10. exf6 Bxf6 11. Nge2 Qc7 12. h4 e5 13. Ne4 Bg7 14. Bh6 Bf8 15. Bxf8 Nxf8 16. Nf6+ Kd8 17. dxe5 Qe7 18. Qxd6+ Qxd6 19. exd6 Bd7 20. 0-0-0 h6 21. Nc3 Ne6 22. Nce4 b6 23. Nxd7 Kxd7 24. Nf6+ Kd8 25. Bd3 Nc5 26. Rhe1 Nd7 27. Nxd7 Kxd7 28. Re7+ Kd8 29. Rxf7 Rg8 30. Re1 Re8 31. Rxe8+ Kxe8 32. Rh7 Rd8 33. Bxg6+ 1-0

[Event "Brasilia FBX 50"]
[Site "Brasilia"]
[Date "2015.09.05"]
[Round "3"]
[White "Bomfim, Edmundo Emanoel Sal"]
[Black "Castellar, Juarez Iorio"]
[Result "1-0"]
[WhiteElo "1562"]
[BlackElo "1400"]
[PlyCount "109"]
[EventDate "2015.09.05"]
[EventType "swiss"]
[EventRounds "6"]
[EventCountry "BRA"]
[SourceTitle "EXT 2016"]
[Source "ChessBase"]
[SourceDate "2015.10.08"]
[SourceVersion "1"]
[SourceVersionDate "2015.10.08"]
[SourceQuality "1"]

1. e4 d6 2. Nf3 Bg4 3. Be2 Bxf3 4. Bxf3 c6 5. d4 Nf6 6. Nc3 g6 7. 0-0 Bg7 8. e5 dxe5 9. dxe5 Qxd1 10. Rxd1 Nfd7 11. Be3 Bxe5 12. Bd4 0-0 13. g3 a6 14. Bxe5 Nxe5 15. Bg2 Nc4 16. b3 Nb6 17. a4 a5 18. Ne4 N8d7 19. Rd2 Rad8 20. Rad1 Kg7 21. Nc5 Nd5 22. Nxd7 Rxd7 23. Bxd5 cxd5 24. Rxd5 Rc7 25. c4 b6 26. Rd7 Rfc8 27. Rd8 Rxd8 28. Rxd8 Rc6 29. Rd7 e6 30. f4 h5 31. Kf2 Kf8 32. Ke3 Ke8 33. Rb7 Kf8 34. Ke4 Kg7 35. Kd3 Kf6 36. c5 bxc5 37. Rb5 c4+ 38. bxc4 Rd6+ 39. Kc3 Ra6 40. c5 Ra7 41. c6 Rc7 42. Rc5 Ke7 43. Kc4 Kd6 44. Kb5 f6 45. Kb6 g5 46. Rc1 Rc8 47. Rd1+ Ke7 48. Kb7 Rg8 49. c7 gxf4 50. gxf4 Rg2 51. c8Q Rb2+ 52. Ka6 Kf7 53. Rg1 Ke7 54. Qc7+ Kf8 55. Rg7 1-0

[Event "Brasilia FBX 50"]
[Site "Brasilia"]
[Date "2015.09.05"]
[Round "2"]
[White "Castellar, Juarez Iorio"]
[Black "Montufar Berrios, Eymi Priscila"]
[Result "0-1"]
[WhiteElo "1400"]
[BlackElo "1695"]
[PlyCount "74"]
[EventDate "2015.09.05"]
[EventType "swiss"]
[EventRounds "6"]
[EventCountry "BRA"]
[SourceTitle "EXT 2016"]
[Source "ChessBase"]
[SourceDate "2015.10.08"]
[SourceVersion "1"]
[SourceVersionDate "2015.10.08"]
[SourceQuality "1"]

1. d4 Nf6 2. Nf3 g6 3. Bf4 Bg7 4. e3 0-0 5. Bd3 d6 6. 0-0 Nbd7 7. Nbd2 Re8 8. Re1 e5 9. dxe5 dxe5 10. Bg5 Nc5 11. Bxf6 Qxf6 12. Be4 c6 13. h3 Be6 14. b3 Rad8 15. Qe2 Qe7 16. Nh2 f5 17. Bd3 e4 18. Bc4 Bxa1 19. Rxa1 b5 20. Bxe6+ Nxe6 21. Rd1 Rd6 22. Nhf1 Red8 23. c4 a6 24. f3 exf3 25. Qxf3 Ng5 26. Qe2 Ne4 27. Qe1 Qd7 28. a3 Nxd2 29. c5 Nf3+ 30. gxf3 Rxd1 31. Qe2 Qe7 32. b4 Qg5+ 33. Kh2 f4 34. e4 R8d2 35. Qxd2 Rxd2+ 36. Nxd2 Qg3+ 37. Kh1 Qe1+ 0-1

[Event "Brasilia FBX 50"]
[Site "Brasilia"]
[Date "2015.09.05"]
[Round "1"]
[White "Montufar Berrios, Lesly Viviane"]
[Black "Castellar, Juarez Iorio"]
[Result "1-0"]
[WhiteElo "1900"]
[BlackElo "1400"]
[PlyCount "28"]
[EventDate "2015.09.05"]
[EventType "swiss"]
[EventRounds "6"]
[EventCountry "BRA"]
[SourceTitle "EXT 2016"]
[Source "ChessBase"]
[SourceDate "2015.10.08"]
[SourceVersion "1"]
[SourceVersionDate "2015.10.08"]
[SourceQuality "1"]

1. e4 d6 2. d4 g6 3. Bg5 Bg7 4. Nc3 Nf6 5. Qd2 Nc6 6. 0-0-0 a6 7. d5 Ne5 8. f4 Neg4 9. h3 Nh6 10. g4 Nhg8 11. e5 Nd7 12. e6 fxe6 13. dxe6 Nf8 14. f5 h6 1-0

[Event "Brasilia FBX Nova Geracao U1800"]
[Site "Brasilia"]
[Date "2015.07.25"]
[Round "1.2"]
[White "Zandonai Ignacio, Antonio Carlos"]
[Black "Castellar, Juarez Iorio"]
[Result "1-0"]
[WhiteElo "1783"]
[BlackElo "1404"]
[PlyCount "45"]
[EventDate "2015.07.25"]
[EventType "swiss"]
[EventRounds "5"]
[EventCountry "BRA"]
[SourceTitle "EXT 2022"]
[Source "ChessBase"]
[SourceDate "2021.10.06"]
[SourceVersion "1"]
[SourceVersionDate "2021.10.06"]
[SourceQuality "1"]

1. e4 d6 2. d4 Nf6 3. Nc3 g6 4. f4 Bg7 5. Nf3 Bg4 6. h3 Bxf3 7. Qxf3 0-0 8. Bd3 c6 9. Be3 Nbd7 10. 0-0-0 a6 11. g4 Qc7 12. h4 c5 13. d5 Rac8 14. h5 c4 15. Be2 Ne8 16. Qh3 h6 17. g5 Kh7 18. Bd4 f6 19. gxh6 Bxh6 20. hxg6+ Kxg6 21. Qxh6+ Kf7 22. Bh5+ Kg8 23. Rdg1+ 1-0

[Event "Brasilia IRT Nova Geracao U1650"]
[Site "Brasilia"]
[Date "2015.05.23"]
[Round "2.2"]
[White "Castellar, Juarez Iorio"]
[Black "Portal, Adroaldo da Cunha"]
[Result "1/2-1/2"]
[WhiteElo "1472"]
[BlackElo "1800"]
[PlyCount "72"]
[EventDate "2015.05.23"]
[EventType "swiss"]
[EventRounds "5"]
[EventCountry "BRA"]
[SourceTitle "EXT 2022"]
[Source "ChessBase"]
[SourceDate "2021.10.06"]
[SourceVersion "1"]
[SourceVersionDate "2021.10.06"]
[SourceQuality "1"]

1. d4 d5 2. Nc3 Nf6 3. Nf3 e6 4. Bg5 Be7 5. e3 0-0 6. Bxf6 Bxf6 7. Bd3 Be7 8. 0-0 b6 9. Ne2 Bb7 10. c3 c5 11. Qc2 h6 12. Ng3 Nd7 13. Rfe1 Nf6 14. Qe2 c4 15. Bc2 b5 16. a3 a5 17. b3 Qc7 18. Rec1 Rfc8 19. b4 axb4 20. axb4 Nd7 21. Qe1 Nb6 22. Qd1 Bd6 23. Ne1 e5 24. Bf5 Re8 25. Bh3 exd4 26. exd4 Bf4 27. Rcb1 Na4 28. Qc2 Re7 29. Nf3 Rae8 30. Re1 Rxe1+ 31. Rxe1 Rxe1+ 32. Nxe1 Qe7 33. Nf3 Bxg3 34. hxg3 Qe4 35. Qc1 f6 36. Bd7 Ba6 1/2-1/2

[Event "Brasilia Centro Oeste-ch"]
[Site "Brasilia"]
[Date "2015.05.15"]
[Round "5"]
[White "Couto, Januario Pereira Do"]
[Black "Castellar, Juarez Iorio"]
[Result "1-0"]
[WhiteElo "1608"]
[BlackElo "1472"]
[PlyCount "79"]
[EventDate "2015.05.15"]
[EventType "swiss"]
[EventRounds "6"]
[EventCountry "BRA"]
[SourceTitle "CBM 166 Extra"]
[Source "ChessBase"]
[SourceDate "2015.06.18"]
[SourceVersion "1"]
[SourceVersionDate "2015.06.18"]
[SourceQuality "1"]

1. e4 d6 2. d4 Nf6 3. Bd3 g6 4. Nf3 Bg7 5. Nbd2 Nbd7 6. c3 e5 7. Qc2 c5 8. dxe5 Nxe5 9. Nxe5 dxe5 10. h3 b6 11. 0-0 0-0 12. Nf3 Re8 13. Bg5 Qc7 14. Bxf6 Bxf6 15. Rad1 Bb7 16. Rd2 Rad8 17. Rfd1 Bg7 18. Bb5 Rxd2 19. Rxd2 Rd8 20. Rxd8+ Qxd8 21. Qd2 Qxd2 22. Nxd2 Bh6 23. Nc4 a6 24. Nd6 Bxe4 25. Nxe4 axb5 26. Nf6+ Kg7 27. Nd7 f6 28. Nxb6 Bc1 29. b3 Bb2 30. c4 bxc4 31. Nxc4 Bc3 32. Kf1 Kf7 33. Ke2 Bb4 34. Kd3 h6 35. g4 g5 36. Ke4 Ke6 37. Ne3 Ba3 38. Nf5 c4 39. bxc4 Bf8 40. f3 1-0

[Event "BRA-ch Amateur"]
[Site "Sao Paulo"]
[Date "2015.04.02"]
[Round "5"]
[White "Francelli, Derli"]
[Black "Castellar, Juarez Iorio"]
[Result "1-0"]
[WhiteElo "1696"]
[BlackElo "1472"]
[PlyCount "67"]
[EventDate "2015.04.30"]
[EventType "swiss"]
[EventRounds "7"]
[EventCountry "BRA"]
[SourceTitle "EXT 2022"]
[Source "ChessBase"]
[SourceDate "2021.10.06"]
[SourceVersion "1"]
[SourceVersionDate "2021.10.06"]
[SourceQuality "1"]

1. d4 d5 2. c4 Nf6 3. cxd5 Nxd5 4. e4 Nb6 5. Nc3 e6 6. Nf3 N8d7 7. Bd3 Be7 8. 0-0 0-0 9. e5 Re8 10. Re1 Nf8 11. Qc2 Bd7 12. Be3 Rc8 13. Rac1 a6 14. Be4 c6 15. Qb3 Qc7 16. d5 c5 17. d6 Bxd6 18. exd6 Qb8 19. Qxb6 Bc6 20. Bxc5 Bxe4 21. Nxe4 Rc6 22. Qb4 Nd7 23. Be3 Rec8 24. Rxc6 Rxc6 25. h3 Qc8 26. Nd4 Rc4 27. Qd2 Qf8 28. Rc1 Ne5 29. f4 Rxc1+ 30. Qxc1 Nd7 31. Qc7 Qe8 32. Qxb7 f5 33. Ng5 h6 34. Ngxe6 1-0

[Event "Brasilia FBX op"]
[Site "Brasilia"]
[Date "2015.02.28"]
[Round "3"]
[White "De Oliveira, Francemir Barra"]
[Black "Castellar, Juarez Iorio"]
[Result "1-0"]
[WhiteElo "1733"]
[BlackElo "1486"]
[PlyCount "24"]
[EventDate "2015.02.27"]
[EventType "swiss"]
[EventRounds "5"]
[EventCountry "BRA"]
[SourceTitle "CBM 165 Extra"]
[Source "ChessBase"]
[SourceDate "2015.04.21"]
[SourceVersion "1"]
[SourceVersionDate "2015.04.21"]
[SourceQuality "1"]

1. e4 d6 2. d4 Nf6 3. Bd3 g6 4. Be3 Bg7 5. f3 0-0 6. Qd2 Re8 7. Nc3 a6 8. h4 h5 9. 0-0-0 Nbd7 10. Nge2 c5 11. Rhe1 b5 12. Ng3 Bb7 1-0